| 000 | 00699nam a22002177a 4500 | ||
|---|---|---|---|
| 999 |
_c15693 _d15693 |
||
| 003 | MIRAKIL | ||
| 005 | 20240320163410.0 | ||
| 008 | 240320b tu ||||| |||| 00| 0 tur d | ||
| 020 | _a9789751749024 | ||
| 040 |
_aTR-AnCHP _cTR-AnCHP |
||
| 041 | _atur | ||
| 082 |
_a818.99 _bE74 2021 |
||
| 245 | 1 | 0 |
_aEski Türkçe tantrik bir metin : _bUsnisa vijaya dharani sutra / _chazırlayan: Hasan İsi |
| 260 |
_aAnkara : _bTürk Dil Kurumu, _c2021. |
||
| 300 |
_a342 sayfa ; _c24 cm. |
||
| 500 | _aDizin var | ||
| 504 | _aKaynakça: 321-342. sayfa | ||
| 650 | 0 |
_97798 _aEski Türkçe |
|
| 856 | _zDijital Nüshası için Partimizin Kütüphane Sorumlusu ile iletişime geçiniz. | ||
| 942 |
_2ddc _cBKS |
||